000
00354 a2200169 4500
001
191789
020
_a
978-85-8193-319-1
040
_c
Magnum
100
_a
Alves, Januária Cristina
240
1
0
_a
Heidi
_l
por
245
1
0
_a
Heidi
300
_a
32
362
0
_a
2016
440
1
_a
Folha de São Paulo
697
_a
LITERATURA INFANTO
942
_c
BK
999
_c
191789
_d
191789